00483 a2200169 450000100060000002000270000604000240003310000200005724000300007724500280010730000100013536200090014565000310015494200070018595201040019299900170029647256 a9788561167141 (broch.) cAnchieta - Aquarius aLage, Micheline10aO mundo novo da Luluca l10aO mundo novo da Luluca  a19p. 0 a2013 4aLiteratura infanto-juvenil cBK 00104070a87.1b87.1d2023-11-21l0o028.5 LAG MUNp5793/AQUr2023-11-21 15:14:05w2023-11-21yBK c47256d47256